• 首页
  • 本馆介绍
  • 公告通知
  • 最新文献
  • 馆藏检索
  • 电子资源
  • 读者导购
  • 参考咨询
  • 我的图书馆
  • 登录
  • 详细信息显示
  • 放入我的书架
  • 预约/预借图书
  • 作者相关作品
  • 分类相关作品
  • 丛书相关作品
  • 出版社相关作品

书目信息

  • 表格格式
  • 工作单格式
  • 卡片格式
题名:
一元函数积分学
    
 
作者: 文丽 编写
分册:  
出版信息: 上海   上海科学技术出版社  1980
页数: 344页
开本: 19cm
丛书名: 大学基础数学自学丛书
单 册:
中图分类: O172.2
科图分类:
主题词: 积分学
电子资源:
ISBN:
000 00686nam2 2200253 45
001 0180005142
005 20060419082702.78
010    @dCNY1.05
091    @a13119.831
100    @a19950221d1980 em y0chiy0121 ea
101 0  @achi
102    @aCN@b310000
105    @ay z 000yy
200 10 @a一元函数积分学@Ayi yuan han shu ji fen xue@f文丽编写@FWen Li Bian Xie
210    @a上海@c上海科学技术出版社@d1980
215    @a344页@d19cm
225 2  @a大学基础数学自学丛书
410  0 @120010@a大学基础数学自学丛书
606    @a积分学
690    @aO172.2@v4
701  0 @a文丽@Awen li@4编写
801  2 @aCN@bNLC@c20060419
801  0 @aCN@b上海图书馆@c20060403
905    @dO172.2@e1
    
    一元函数积分学/文丽编写.-上海:上海科学技术出版社,1980
    344页;19cm.-(大学基础数学自学丛书)
    
    
    ISBN :CNY1.05
    
●
相关链接 在E读中查询图书 在五车中查询图书 在当当中查询图书 在豆瓣中查询图书


正题名:一元函数积分学     索取号:O172.2/1         预约/预借

序号 登录号 条形码 馆藏地/架位号 状态 备注
1 0059978   202267242   密集书库/ [索取号:O172.2/1] 在馆    
2 0059979   202235848   密集书库/ [索取号:O172.2/1] 在馆    
3 0059980   202267206   密集书库/ [索取号:O172.2/1] 在馆    
4 0059981   202235857   密集书库/ [索取号:O172.2/1] 在馆    
5 0059982   202267288   密集书库/ [索取号:O172.2/1] 在馆    
6 0059983   202267322   密集书库/ [索取号:O172.2/1] 在馆    
7 0059984   202267368   密集书库/ [索取号:O172.2/1] 在馆    
8 0059985   202267698   密集书库/ [索取号:O172.2/1] 在馆    
9 0139939   000418881   第三借阅区/ [索取号:O172.2/1] 在馆    
10 0139940   001971959   第三借阅区/ [索取号:O172.2/1] 在馆    
11 0139941   000418872   第三借阅区/ [索取号:O172.2/1] 在馆    
12 0139942   202235919   密集书库/ [索取号:O172.2/1] 在馆    
13 0139943   000418890   第三借阅区/ [索取号:O172.2/1] 在馆    
14 0139944   202267402   密集书库/ [索取号:O172.2/1] 在馆    
15 0139945   202235811   密集书库/ [索取号:O172.2/1] 在馆    
16 0139946   202235802   密集书库/ [索取号:O172.2/1] 在馆    
17 0139947   202238051   密集书库/ [索取号:O172.2/1] 在馆    
18 0139948   000418907   第三借阅区/ [索取号:O172.2/1] 在馆    
唐山师范学院图书馆 欢迎您!
大连网信软件有限公司© 版权所有